[Event "Linares Anibal op 07th"]
[Site "Linares"]
[Date "2000.01.08"]
[Round "2"]
[White "Estrada Nieto, Julian"]
[Black "Delchev, Aleksander"]
[Result "1/2-1/2"]
[WhiteElo "2360"]
[BlackElo "2521"]
[Annotator "Huzman,A"]
[PlyCount "64"]
[EventDate "2000.01.07"]
[EventType "swiss"]
[EventRounds "10"]
[EventCountry "ESP"]
[SourceTitle "CBM 075"]
[Source "ChessBase"]
[SourceDate "2000.04.05"]
[SourceVersion "1"]
[SourceVersionDate "2000.04.05"]
[SourceQuality "1"]

1. Nf3 d5 2. d4 c5 3. c4 dxc4 4. e3 cxd4 5. exd4 Be6 6. Nc3 Nf6 7. Bg5 Nd5 (
7... a6 8. Bxf6 exf6 9. d5 Bf5 10. Bxc4 Bd6 11. O-O O-O 12. Nd4 Bg6 13. Bd3 Nd7
14. Bxg6 hxg6 15. Rc1 f5 16. a3 Nf6 $15 {0-1 Stean,M-McKay,R/Norwich 1972/EXT
99 (40)}) 8. Qa4+ Nc6 (8... Qd7 9. Qxd7+ Nxd7 10. Bxc4 N7b6 11. Bb5+ Bd7 12.
Bxd7+ Kxd7 13. Nxd5 Nxd5 14. Ke2 f6 15. Bd2 e6 $11 {1/2-1/2 Fahnenschmidt,
G-Sandor,C/Germany 1996/GER-chT2 (42)}) 9. Qxc4 $6 (9. Ne5 Nb6 (9... Nxc3 10.
bxc3 Qa5 11. Qxa5 Nxa5 12. Bc1 f6 13. Nf3 Bd5 14. Ba3 e6 15. Bb4 Bxb4 16. cxb4
Nc6 17. b5 Bxf3 18. bxc6 Bxc6 19. Bxc4 Ke7 $19 {0-1 Schoof,M-Holzhaeuer,M/
Willsbach 1997/EXT 99 (33)}) 10. Nxc6 Qd6 (10... Qd7 11. Ne5 Nxa4 12. Nxd7 Bxd7
13. Nxa4 Bxa4 14. Bxc4 {1/2-1/2 Catropa,D-Lima,D/Curitiba 1992/EXT 2000 (14)})
11. Qb5 bxc6 12. Qa5 g6 13. Rd1 Bg7 14. Be2 O-O 15. Be3 Bd5 16. O-O e6 $17 {
0-1 Kovacs,L-Mathe,G/HUN 1992/EXT 2000 (40)}) 9... Nxc3 $6 (9... Ndb4 $5 10.
Qe2 Bg4 11. O-O-O Rc8 $36 {[%cal Yb4a2]}) (9... h6 $1 10. Bh4 Ndb4 11. Qe2 g5
12. a3 Qa5 $17) 10. Qxc3 Bd5 11. Bc4 g6 $15 12. O-O Bg7 13. Qb3 $1 Bxc4 14.
Qxc4 O-O (14... Nxd4 15. Nxd4 Qxd4 16. Qb5+ (16. Qb3 Qxb2 (16... O-O 17. Bxe7
Rfe8 18. Ba3 $11) (16... Qb6 17. Qa4+ Qc6 18. Qb4 $44) 17. Qxb2 Bxb2 18. Rab1
h6 19. Be3 Bf6 20. Rxb7 $44) 16... Qd7 17. Qxd7+ Kxd7 18. Rfd1+ Ke8 19. Rac1
Be5 20. Be3 a6 (20... f6 $15) 21. Bd4 Bxd4 22. Rxd4 Rd8 23. Rdc4 $44 (23. Rb4
b5 24. a4 Rd5 $17)) 15. d5 $11 {[%csl Rd5,Re7]} Ne5 16. Nxe5 Bxe5 17. Rfe1 Qd6
18. Qe4 Bf6 19. Bf4 (19. Bxf6 exf6 $11) 19... Qd7 20. Rad1 Rfe8 21. b3 Rad8 22.
h3 Qb5 23. Qc4 a6 24. a4 Qd7 25. Rd3 b5 26. axb5 axb5 27. Qe4 Rc8 28. Qf3 b4
29. Bd2 Bc3 30. Bxc3 bxc3 31. Rxc3 Rxc3 32. Qxc3 Qxd5 1/2-1/2

[Event "Linares 16th"]
[Site "Linares"]
[Date "1999.02.26"]
[Round "5"]
[White "Kramnik, Vladimir"]
[Black "Anand, Viswanathan"]
[Result "1/2-1/2"]
[WhiteElo "2751"]
[BlackElo "2781"]
[Annotator "Huzman,A"]
[PlyCount "37"]
[EventDate "1999.02.21"]
[EventType "tourn"]
[EventRounds "14"]
[EventCountry "ESP"]
[EventCategory "20"]
[SourceTitle "CBM 070"]
[Source "ChessBase"]
[SourceDate "1999.06.08"]
[SourceVersion "1"]
[SourceVersionDate "1999.06.08"]
[SourceQuality "1"]

1. d4 d5 2. Nf3 e6 3. c4 dxc4 4. e3 c5 5. Bxc4 a6 6. d5 $146 b5 (6... Nf6 7.
dxe6 Qxd1+ 8. Kxd1 Bxe6 9. Bxe6 fxe6 10. Ng5 Kd7 11. Nc3 $14) 7. Bb3 exd5 (7...
c4 8. dxe6 $1 Bxe6 (8... cxb3 $4 9. exf7+ Ke7 10. fxg8=N+ Rxg8 11. Qxb3 $18) (
8... Qxd1+ 9. Bxd1 Bxe6 10. Nd4 Bd5 (10... Bd7 11. Bf3 Ra7 12. O-O $36) 11. O-O
Nf6 12. Nc3 Bb7 $11)) 8. Qxd5 (8. Bxd5 Ra7 9. e4 Nf6 10. O-O Nxd5 11. exd5 Bd6
$15 {[%csl Rd5]}) 8... Qxd5 9. Bxd5 Ra7 10. e4 Nf6 $11 11. O-O (11. Nc3 b4 12.
Ne2 Nxd5 13. exd5 Rd7 (13... Bb7 14. Nf4 (14. Bf4 Nd7 15. O-O-O) 14... Bd6 15.
O-O O-O $11) 14. Bf4 Bd6 15. Rd1 Bb7 16. O-O O-O $15 {[%csl Rd5]}) 11... Nxd5
12. exd5 f6 $1 13. Nc3 (13. Bf4 Nd7 14. Re1+ Kf7 $11) 13... Kf7 14. Bf4 Nd7 15.
Rfd1 Bb7 16. Rac1 Ra8 17. a4 b4 18. Ne4 Re8 19. Nd6+ (19. Nd6+ Bxd6 20. Bxd6
Rc8 {/\21...Rhd8} (20... Re2 21. Bxc5 Rc8 (21... Rxb2 22. Bd4 Re2 23. Rc7 $16)
22. Bxb4 Rxc1 23. Rxc1 Rxb2 24. Ba3 (24. Bc3 Ra2 $11) 24... Ra2 $11 25. Rc7
$140 Ra1+ 26. Bc1 Ke7 $15)) 1/2-1/2

[Event "Vidmar Memorial 14th"]
[Site "Portoroz"]
[Date "2001.07.06"]
[Round "4"]
[White "Kozul, Zdenko"]
[Black "Sermek, Drazen"]
[Result "1/2-1/2"]
[WhiteElo "2556"]
[BlackElo "2579"]
[Annotator "Huzman,A"]
[PlyCount "144"]
[EventDate "2001.07.03"]
[EventType "tourn"]
[EventRounds "9"]
[EventCountry "SLO"]
[EventCategory "14"]
[SourceTitle "CBM 085"]
[Source "ChessBase"]
[SourceDate "2001.11.13"]
[SourceVersion "1"]
[SourceVersionDate "2001.11.13"]
[SourceQuality "1"]

1. d4 d5 2. c4 dxc4 3. Nf3 c5 4. e3 cxd4 5. Bxc4 Qc7 6. Qb3 e6 7. exd4 Nf6 8.
O-O Nc6 9. Qd3 $5 $146 Be7 10. Nc3 a6 (10... O-O 11. Nb5 Qb8 (11... Qb6 12. Bf4
Nd5 (12... Nb4 13. Qe2 Nbd5 14. Bg3 $14) 13. Bxd5 exd5 14. Nc7) 12. g3 a6 13.
Bf4 axb5 14. Bxb8 bxc4 15. Qxc4 Rxb8 $17) 11. Bb3 O-O 12. Ne4 (12. Bg5 $5)
12... Nb4 (12... Rd8 $5) 13. Nxf6+ Bxf6 14. Qe4 Qc6 15. Qe2 b5 16. a3 Nd5 17.
Ne5 Qd6 18. Rd1 Bb7 19. Bd2 Rac8 20. Re1 (20. Rac1 Rfd8 $15 (20... Rxc1 21.
Rxc1 Ne7 22. Bb4 Qxd4 23. Nxf7 Qxb2 24. Qxb2 Bxb2 25. Rc7 Rc8 26. Nh6+ Kf8 (
26... Kh8 27. Nf7+ $11) 27. Bxe7+ Ke8 28. Rxc8+ Bxc8 29. Bc5 gxh6 30. Bc2 $15))
20... Rfe8 21. Rad1 Rc7 22. Qg4 Qb6 23. h4 Bd8 24. Qg3 Nf6 25. Bh6 g6 26. Ng4
Ne4 27. Qf4 f5 28. Ne3 Rf7 29. Qh2 $1 (29. d5 e5 30. Qh2 Qd6 $17) 29... Bc7 30.
Bf4 Bxf4 31. Qxf4 Qd6 32. Qxd6 Nxd6 33. Rc1 $14 Kg7 34. f3 Rd7 35. Rc5 Kf6 36.
Kf2 Nf7 37. Nc2 Ree7 38. Rd1 Rd6 39. Ba2 Red7 40. b4 Nd8 41. Ke3 h5 42. Bb3 Re7
43. Ra1 Nc6 44. a4 $2 f4+ $1 45. Kd3 Nxd4 46. Nxd4 Red7 47. axb5 Rxd4+ 48. Kc3
Rd3+ 49. Kb2 Rd2+ (49... axb5 50. Rxb5 (50. Ra5 Bd5 $5 51. Bxd5 R7xd5 52. Raxb5
Rd2+ 53. Kc3 Rxg2 54. Rxd5 exd5 55. Rxd5) 50... Rd2+ 51. Ka3 Rxg2 $17) 50. Rc2
axb5 51. Ra5 Bc6 52. Kc1 Rd1+ (52... Rxc2+ 53. Kxc2 (53. Bxc2 Rd4 $19) 53... e5
54. Ra6 Rd6 55. Kc3 Ke7 56. Bc2 $44 {[%csl Rg6,Rh5]}) 53. Kb2 R1d2 54. Kc1 Rd1+
55. Kb2 R7d2 56. Ra6 Bd7 57. Ra7 Ke7 58. Kc3 Rd3+ 59. Kb2 R3d2 60. Kc3 Rd3+ 61.
Kb2 Rd4 62. Rc6 $44 {[%csl Re6,Rg6]} R1d2+ 63. Rc2 Rd1 64. Rc6 Re1 65. Kc3 Rd6
66. Rxd6 Kxd6 67. Bc2 Rh1 68. Bxg6 Rxh4 69. Kd4 $11 Rh2 70. Ra2 h4 71. Be4 e5+
72. Kc3 Be6 1/2-1/2

[Event "United Insurance 5th"]
[Site "Dhaka"]
[Date "2001.02.20"]
[Round "2"]
[White "Murshed, Niaz"]
[Black "Volzhin, Alexander"]
[Result "1/2-1/2"]
[WhiteElo "2457"]
[BlackElo "2539"]
[Annotator "Huzman,A"]
[PlyCount "39"]
[EventDate "2001.02.19"]
[EventType "tourn"]
[EventRounds "13"]
[EventCountry "BAN"]
[EventCategory "8"]
[SourceTitle "CBM 082"]
[Source "ChessBase"]
[SourceDate "2001.05.17"]
[SourceVersion "1"]
[SourceVersionDate "2001.05.17"]
[SourceQuality "1"]

1. d4 d5 2. c4 dxc4 3. Nf3 a6 4. e3 e6 5. Bxc4 c5 6. Qe2 b5 7. Bd3 cxd4 8. Nxd4
Nf6 9. O-O e5 10. Qf3 (10. Nb3 e4 11. Bc2 Bd6 12. f4 exf3 13. gxf3 O-O 14. Qg2
(14. a4 bxa4 15. Rxa4 Bd7 16. Rd4 Qe7 17. Nc3 Nc6 18. Rh4 Be6 19. Nd4 Ne5 20.
Nxe6 Qxe6 21. f4 Nc6 22. Kh1 $36 {1/2-1/2 Handke,F-Yakovich,Y/Rilton Cup,
Stockholm SWE 1999 (38)}) 14... Nc6 15. Nc3 Re8 16. Rd1 Qc7 17. Ne4 Nxe4 18.
Bxe4 Bb7 19. Bd2 Qe7 20. Be1 Rad8 21. Kh1 Ne5 $15 {1/2-1/2 Krasenkow,M-Baburin,
A/Copenhagen 1996/CBM 54 (27)}) 10... Ra7 11. Nc6 (11. Qg3 exd4 12. Qxb8 Rd7
13. Bf5 Rc7 14. Bxc8 dxe3 15. Bxe3 Qxc8 16. Qxc8+ Rxc8 17. a4 Nd5 18. Bd4 Rc4
19. Rd1 bxa4 20. b3 axb3 21. Rxa6 f6 22. Ra7 Rg8 23. Rb7 Rb4 24. Rxb4 {1/2-1/2
Johnstone,P-Tait,J/corr 1997/Corr 2000 (24)}) 11... Nxc6 12. Qxc6+ Bd7 (12...
Qd7 $5 13. Qxd7+ (13. Qb6 $4 Nd5 $19) 13... Rxd7 (13... Bxd7 14. Nc3 Bc6 15. a3
Rd7 16. Rd1 $11 {=/+}) 14. Bf5 Rc7 15. Bxc8 Rxc8 16. Rd1 Bd6 $15) 13. Qf3 Bg4
14. Qc6+ Qd7 15. Qb6 Bd6 (15... Rc7 16. Qb8+ Qc8 17. Qxc8+ Rxc8 18. f3 Be6 19.
a4 $11) 16. e4 $11 O-O 17. f3 Rc7 18. Be3 Rc6 19. Qa7 Qxa7 20. Bxa7 (20. Bxa7
Be6 21. Rd1 Rfc8 22. Nc3 $11) 1/2-1/2

[Event "RUS-ch 53rd"]
[Site "Samara"]
[Date "2000.06.24"]
[Round "8"]
[White "Tregubov, Pavel V"]
[Black "Yakovich, Yuri"]
[Result "1-0"]
[WhiteElo "2615"]
[BlackElo "2580"]
[Annotator "Huzman,A"]
[PlyCount "59"]
[EventDate "2000.06.03"]
[EventType "swiss"]
[EventRounds "11"]
[EventCountry "RUS"]
[SourceTitle "CBM 078"]
[Source "ChessBase"]
[SourceDate "2000.10.18"]
[SourceVersion "1"]
[SourceVersionDate "2000.10.18"]
[SourceQuality "1"]

1. d4 d5 2. Nf3 e6 3. c4 dxc4 4. e4 b5 5. a4 c6 6. axb5 cxb5 7. b3 Bb7 8. bxc4
Bxe4 9. cxb5 Nf6 10. Be2 Be7 11. O-O Nbd7 12. Nc3 Bb7 13. Ne5 Nxe5 (13... Qc7
14. Nc6 Bxc6 15. bxc6 Qxc6 16. Qb3 $44 {[%cal Ge2f3,Gf3a8,Ga1a7]} Qb6 $1 17.
Qxb6 Nxb6 {1/2-1/2 Krasenkow,M-Rublevsky,S/Rubinstein mem 1998/CBM 67/[Huzman]
(17)}) 14. dxe5 Nd7 15. Bf3 $1 $146 (15. Bf4 O-O 16. Bf3 Qc7 17. Rc1 Ba3 18.
Nd5 Qd8 19. Ra1 Bb2 20. Nf6+ Nxf6 21. Bxb7 Bxa1 22. Bxa8 Qxa8 23. Qxa1 Nd5 $15
{0-1 Ivanov,S-Rublevsky,S/RUS-ch m3-4 1997 (31)}) 15... Qc7 $6 (15... Bxf3 16.
Qxf3 Nxe5 17. Qg3 (17. Qe4 Nd7 (17... Bf6 18. Rd1 Qb8 19. b6 a6 20. Nb5 $1 $16)
18. Rd1 Qc8 (18... O-O 19. b6 $1 Bf6 (19... Bc5 20. b7 Rb8 21. Bf4 e5 22. Bxe5
Re8 23. Bxb8 Rxe4 24. Nxe4 $18) 20. Rxa7 Rxa7 (20... Bxc3 21. Qxa8 Qxa8 22.
Rxa8 Rxa8 23. Rxd7 h6 24. b7 Rb8 25. Be3 $18) 21. bxa7 Bxc3 22. Qa4 $16) (18...
Rc8 19. Rxa7 Rxc3 20. Bf4 Ra3 21. Rb7 O-O 22. Qb1 $14 {[%cal Gb5b8]}) 19. Rxd7
Kxd7 20. Qd4+ Ke8 21. Qxg7 Rf8 22. Be3 $44) 17... Ng6 18. Rd1 Qc8 19. Ba3 Bxa3
20. Rxa3 O-O) 16. Bxb7 Qxb7 17. Qg4 $36 Kf8 $2 (17... g6 18. Bh6 Nxe5 19. Qd4 (
19. Qf4 Nd7 20. Ne4 $5 Qxb5 21. Rfc1 $44) 19... f6) 18. Qe4 $1 (18. Qd4 $5 Bc5
19. Ba3 $16) 18... Rb8 (18... Qxe4 19. Nxe4 Nxe5 20. b6 (20. Be3 f5) 20... Nc6
21. Ra6 $1 f5 22. Ng5 Nd4 23. Be3 $16) 19. Qd4 Nb6 20. Ne4 $16 h6 21. Be3 g6
22. Nd6 Qd7 23. Rfd1 Kg7 24. Nf5+ $1 gxf5 25. Qxd7 Nxd7 26. Rxd7 $18 Rhe8 27.
Raxa7 Rxb5 28. h3 Bf8 29. Rxf7+ Kg8 30. Rf6 1-0

[Event "Albert m"]
[Site "Albert"]
[Date "1999.09.17"]
[Round "4"]
[White "Beliavsky, Alexander G"]
[Black "Bacrot, Etienne"]
[Result "1/2-1/2"]
[WhiteElo "2618"]
[BlackElo "2592"]
[Annotator "Huzman,A"]
[PlyCount "94"]
[EventDate "1999.09.14"]
[EventType "match"]
[EventRounds "6"]
[EventCountry "FRA"]
[SourceTitle "CBM 073"]
[Source "ChessBase"]
[SourceDate "1999.12.01"]
[SourceVersion "1"]
[SourceVersionDate "1999.12.01"]
[SourceQuality "1"]

1. d4 d5 2. c4 dxc4 3. Nf3 e6 4. e4 b5 5. a4 c6 6. b3 Bb4+ 7. Bd2 Bxd2+ 8. Qxd2
cxb3 (8... Nf6 9. axb5 (9. e5 Ne4 (9... Nd5 10. bxc4 bxc4 11. Bxc4 a5 12. O-O
Ba6 13. Rc1 Bxc4 14. Rxc4 O-O 15. Rc1 Ra7 16. Na3 Rb7 17. Nc4 $16 {1-0 Davies,
N-Hartman,C/Osterskars 1995/EXT 97 (28)}) 10. Qc2 (10. Qe3 Qa5+ 11. Nfd2 Nxd2
12. Qxd2 Qxd2+ 13. Nxd2 $2 c3 14. Ne4 b4 $17 {0-1 Arkell,K-Kumaran,D/BCF-ch
1993/CBM 38/ (33)}) 10... Qa5+ 11. Kd1 f5 12. exf6 (12. bxc4 bxc4 13. Nbd2 O-O
14. Nxc4 Qd5 15. Bd3 Na6 16. Rb1 c5 $36 {0-1 Wirthensohn-Muller,K/Hamburg 1991
(23)}) 12... Nxf6 13. bxc4 O-O (13... bxc4 14. Nbd2 O-O 15. Nxc4 Qd5 16. Bd3
Na6 17. Rb1 c5 18. Nce5 Nb4 19. Rxb4 cxb4 20. Ng5 Qxd4 {0-1 Wirthensohn,
H-Mueller,K/Hamburg 1991/CBM 24 (29)}) 14. Nbd2 b4 15. Bd3 Qd8 16. c5 a5 17.
Re1 Ra7 18. Ke2 Ba6 19. Kf1 Re7 20. Kg1 Bxd3 21. Qxd3 Nbd7 22. Qb3 Nd5 23. Ne4
Qe8 $11 {1/2-1/2 Olafsson,H-Schlosser,P/Aabybro 1989/EXT 97 (28)}) 9... Nxe4 (
9... cxb5 10. e5 (10. Nc3 Bb7 11. Qf4 O-O 12. Nxb5 Bxe4 13. Bxc4 {1/2-1/2 Van
Wely,L-Mueller,K/Arnhem EUchJ 1990 (13)}) 10... Nd5 11. bxc4 bxc4 12. Bxc4 O-O
13. O-O Bb7 14. Nc3 {1/2-1/2 Tukmakov,V-Kortschnoj,V/Baden 1997/EXT 99 (14)})
10. Qc2 Ng5 11. Nxg5 Qxg5 12. bxc4 cxb5 13. Nc3 Nc6 14. Qe4 Bb7 15. cxb5 Nd8
16. Qe3 Qe7 17. f3 Qb4 18. Ra4 Qe7 19. Bd3 Qc7 20. Ne4 $14 {1-0 Andruet,
G-Giffard,N/Val Thorens 1988/EXT 97 (37)}) 9. axb5 (9. Qc3 Nf6 10. Nbd2 Ba6 11.
Qxb3 bxa4 12. Rxa4 Bxf1 13. Rxf1 Qc7 14. Qa3 Nfd7 15. Ke2 c5 16. Rc1 Nc6 17.
dxc5 O-O $11 {0-1 Genius5-Hiarcs6/Testspiel 1997 (74)}) 9... Nf6 10. Nc3 O-O
11. Ne5 $6 $146 {Too ambitious.It would be better to complete development
first.} (11. Bd3 cxb5 12. e5 Nd5 13. Nxb5 a5 14. O-O a4 15. Ng5 f5 16. exf6
gxf6 17. Ne4 Nc6 18. Nc5 Ncb4 19. Nxb3 Rb8 20. Nc5 Bd7 21. Nc3 $14 {0-1 Mainka,
G-Loeffler,S/BL9394 1994/GER-chT (35)}) 11... Bb7 12. f3 Qe7 (12... Nfd7 $5 13.
bxc6 (13. Nc4 cxb5 14. Nxb5 Ba6) (13. Nxd7 Qxd7 (13... Nxd7 14. Rb1 $11) 14.
Na4 cxb5 15. Nc5 Qc6 16. Nxb3 a6 $17) 13... Nxc6 14. Nxc6 Bxc6 15. Bc4 Rb8 16.
Rxa7 (16. Rb1 Rb4 17. Bxb3 Qb6 $17) 16... b2 17. O-O Rb4 $17) 13. Rb1 Rd8 14.
Qe3 (14. bxc6 Nxc6 15. Nxc6 Bxc6 16. Rxb3 Qd7) (14. Rxb3 c5 $19) 14... Nfd7 (
14... Qb4 15. Bc4 b2 16. O-O (16. Qd2 Qd6 17. Rxb2 (17. Rd1 cxb5 18. Nxb5 Qb6
$17) 17... Qxd4 18. Qxd4 Rxd4 19. bxc6 Nxc6 20. Ne2 $1 Rxe4 $1 21. fxe4 Nxe5
$15) 16... Nfd7 $1 (16... cxb5 17. Rf2 $5 a6 $17) 17. Na2 Qd6 $17) 15. bxc6
Nxc6 (15... Bxc6 $5 16. Nc4 (16. Rxb3 Nxe5 17. dxe5 a5 $17) (16. Nxc6 Nxc6 17.
Rxb3 Rab8 $36 {/-/+}) 16... Qb4 17. Nd2 Nb6 18. Nxb3 Na4 19. Kd2 e5 $1 20. d5
Rc8 $1 (20... Bxd5 21. exd5 Rc8 (21... Rxd5+ 22. Kc2) 22. Na1 $1 Qxc3+ 23. Qxc3
Rxc3 (23... Nxc3 24. Rc1 $16) 24. Rb4 $18) 21. dxc6 (21. Nc1 Qxc3+ 22. Qxc3
Nxc3 23. Kxc3 Bxd5+ $17) 21... Rxc6 22. Nc1 Qxc3+ 23. Qxc3 Nxc3 24. Rb3 Na4 25.
Bb5 Nc5 (25... Rd6+ 26. Rd3 $1 Rxd3+ 27. Nxd3 Nb6 28. Nxe5 $14) 26. Rc3 Rd6+
27. Nd3 Nbd7 28. Rhc1 $44) 16. Nxc6 Bxc6 17. Rxb3 Rab8 18. Rxb8 Nxb8 (18...
Rxb8 19. Be2 Rb2 20. Kf2 $11) 19. Kf2 Qb4 20. Be2 Qxd4 21. Ra1 $1 $132 Qxe3+
22. Kxe3 Rd7 23. Nb5 $1 Bxb5 24. Bxb5 Rb7 25. Ra5 $15 {It is difficult for
Black to activate their pieces and it gives White exellent drawing chances.}
Kf8 26. h4 h6 27. g4 Ke7 28. g5 hxg5 29. hxg5 Kd6 (29... Nd7 30. Bxd7 Kxd7 31.
f4 Kc7 32. Ra6 {[%cal Gg5g6]} g6 33. Kd4 $132) 30. e5+ $1 {[%csl Rf7]} Kc7 31.
Be8 Kd8 32. Bb5 g6 (32... Nd7 $5 33. Kd4 Kc7) 33. f4 Rc7 34. Ra1 Kc8 35. Kd4
Kd8 36. Ra2 Kc8 37. Ra1 Nd7 38. Rh1 Kb7 39. Rh7 Kb6 40. Ba4 Nb8 41. Be8 $132
Nc6+ 42. Kd3 Nd8 43. Rh1 a6 44. Rb1+ Ka7 45. Rh1 Re7 46. Ba4 Kb6 47. Rc1 Kb7
1/2-1/2

[Event "Dresden Eisenbahner Schachturnier"]
[Site "Dresden"]
[Date "1985.11.20"]
[Round "3"]
[White "Knaak, Rainer"]
[Black "Gruenberg, Hans Ulrich"]
[Result "0-1"]
[WhiteElo "2530"]
[BlackElo "2455"]
[Annotator "Kharitonov,A"]
[PlyCount "54"]
[EventDate "1985.11.18"]
[EventType "tourn"]
[EventRounds "13"]
[EventCountry "DDR"]
[EventCategory "9"]
[SourceTitle "MCL"]
[Source "ChessBase"]
[SourceDate "1999.07.01"]
[SourceVersion "1"]
[SourceVersionDate "1999.07.01"]
[SourceQuality "1"]

1. d4 d5 2. c4 dxc4 3. Nf3 a6 4. e4 b5 5. a4 Bb7 6. axb5 (6. b3 e6 (6... Bxe4
7. Nc3 Bb7 8. axb5 axb5 9. Rxa8 Bxa8 10. bxc4 e6 11. Nxb5 Bb4+ 12. Bd2 Bxf3 13.
gxf3 Bxd2+ 14. Qxd2 c6 15. Nc3 Ne7 $13 {Vaisser,A-Bagirov,V/URS/1971/1/2-1/2/
46/}) 7. axb5 (7. bxc4 bxc4 8. Bxc4 Bxe4 9. O-O $44) 7... axb5 8. Rxa8 Bxa8 9.
bxc4 Bxe4 10. Nbd2 Bb7 11. cxb5 Nf6 12. Bd3 Nbd7 13. O-O Nb6 14. Nb3 Qd5 $13 {
Beil,Z-Krnavek,L/Olomouc/1976/}) 6... axb5 7. Rxa8 Bxa8 8. Nc3 c6 (8... e6 9.
Nxb5 Bxe4 10. Bxc4 Bxf3 $2 (10... c6 $5 11. Nc3 (11. Ne5 $5 cxb5 12. Bxb5+ Ke7
13. O-O Nf6 14. Qa4 $40) (11. Ne5 Nf6 12. Nc3 Bd5 13. Nxd5 exd5 14. Bd3 Bb4+
15. Kf1 O-O 16. Bg5 $14) 11... Bxf3 12. Qxf3 Qxd4 $13) 11. Qxf3 c6 12. O-O $1
Qb6 (12... cxb5 13. Bxb5+ Nd7 14. Bf4 Ngf6 15. Ra1 Nd5 16. Ra7 N5b6 17. Bc7 $18
) 13. Nc3 Qxd4 $2 14. Qg3 $1 $16 {Lputian,S-Kaidanov,G/URS/1983/1:0/26/}) 9. e5
$6 (9. Bg5 $5 $44 {Lputian/}) 9... e6 10. Be2 Ne7 11. O-O Nd5 12. Ng5 (12. Bg5
Qb6 13. Ne4 Nd7 14. Qb1 h6 $1 15. Bh4 (15. Bd2 Be7) 15... Bb4 $17) 12... Be7 (
12... h6 13. Nge4 Be7 14. f4 O-O (14... g6 15. g4 $5) 15. f5 exf5 16. Rxf5 $44)
13. f4 (13. Nge4 O-O 14. f4 g6 15. g4 f5 $10 16. exf6 Bxf6 $17) 13... Nxc3 (
13... O-O 14. Qc2 Bxg5 (14... g6 $5) 15. fxg5 $44) 14. bxc3 c5 $1 15. Be3 cxd4
16. cxd4 O-O 17. Qb1 Bxg5 18. fxg5 Bc6 $17 19. Qe1 (19. Rf4 Qxg5) (19. Bd1 Nd7
20. Bc2 g6 21. Qb2 Nb6 $17) 19... Be4 $5 20. Rf4 Bd3 $5 (20... Bg6 21. h4 Nd7
22. h5 Bd3 23. Bxd3 cxd3 24. Qd2 Nb6 $15) (20... Qd5 $5 $17) 21. Bxd3 cxd3 22.
Qc3 Qd5 23. Qxd3 Nc6 24. Qe2 (24. Qa3 b4 25. Qa4 (25. Qb2 Ra8 26. Rf2 b3 $19)
25... b3 26. Rf2 Rb8 27. Rb2 g6 $19) 24... Ra8 25. h4 b4 $19 26. h5 (26. Qf3
Qxf3 27. Rxf3 b3 28. Rf2 Ra2 29. Rf1 b2 $19) 26... b3 27. Kh2 (27. Rf2 Nxd4 $19
) 27... b2 $1 (27... b2 28. Rf1 Ra1 $19) (27... b2 28. Qxb2 Ra2 $19) (27... b2
28. Qc2 Ra1 $19) 0-1

[Event "Yerevan Zonal"]
[Site "Yerevan"]
[Date "1981.02.??"]
[Round "8"]
[White "Tukmakov, Vladimir B"]
[Black "Kuzmin, Gennadi P"]
[Result "1-0"]
[WhiteElo "2480"]
[BlackElo "2545"]
[Annotator "Kharitonov,A"]
[PlyCount "81"]
[EventDate "1982.02.??"]
[EventType "tourn"]
[EventRounds "15"]
[EventCountry "URS"]
[EventCategory "12"]
[SourceTitle "MCL"]
[Source "ChessBase"]
[SourceDate "1999.07.01"]
[SourceVersion "1"]
[SourceVersionDate "1999.07.01"]
[SourceQuality "1"]

1. d4 d5 2. c4 dxc4 3. Nf3 a6 4. a4 Nf6 5. e3 Bf5 $6 (5... Bg4 $5 6. Bxc4 e6 7.
Qb3 $6 (7. O-O $142 Nc6 8. Nc3 (8. b3 Bd6 9. Bb2 O-O 10. Be2 Re8 11. Nbd2 e5
12. dxe5 Nxe5 13. Bxe5 Bxe5 14. Nxe5 Bxe2 15. Qxe2 Rxe5 $10) 8... Bd6) 7... Nc6
$1 8. Bd2 Rb8 9. O-O Bd6 10. Qc2 O-O 11. Nc3 Nb4 12. Qb3 c5 $15 {Novotelnov,
N-Flohr,S/Tartu/1950/0:1 (31)}) 6. Bxc4 e6 7. O-O (7. Nc3 Nc6 8. Qe2 Bb4 9. O-O
Qe7 10. Rd1 Rd8 $14 {Agzamov,G-Kuzmin,G/Erevan(zt)/1982/1:0 (40)}) 7... Nc6 (
7... c5 8. Nc3 Nc6 9. d5 exd5 10. Nxd5 Be6 11. Nxf6+ Qxf6 12. Qe2 $14) 8. Nc3
Bg6 (8... Bb4 $5 9. Qe2 O-O 10. Rd1 $14) (8... Bd6 $6 9. Qe2 Bg4 10. Rd1 O-O
11. h3 Bh5 12. g4 Bg6 13. e4 $16) 9. h3 Bd6 10. Re1 O-O (10... e5 $5) 11. e4
Be7 (11... e5 $142 12. d5 Nb8) 12. Bf4 Rc8 13. Rc1 Bb4 14. Bg5 $1 h6 15. Bh4
Be7 16. Qd2 $14 Nd7 (16... Nxe4 $2 17. Rxe4 Bxe4 18. Bxe7 Qxe7 19. Nxe4 $16)
17. Bxe7 (17. Bg3 Nb6 18. Ba2 Nb4 19. Bb3 c5 $132) 17... Qxe7 (17... Nxe7 $142)
18. d5 Nce5 19. Nxe5 Nxe5 20. Ba2 Qg5 $6 (20... Nd7 $5 21. f4 e5 22. f5 Bh7 23.
Red1 $16) 21. Qe3 $1 (21. Re3 Nf3+ $19) (21. Qxg5 hxg5 22. dxe6 Nd3 $17) (21.
f4 Nf3+ 22. Kf2 Nxd2 23. fxg5 exd5 24. exd5 (24. Bxd5 c6 $13) 24... Rfe8 $13)
21... Qe7 $2 (21... Qxe3 $5 22. Rxe3 Rfe8 23. f4 Nd7 24. dxe6 fxe6 25. Rd1 Nf8
26. Red3 $16) 22. f4 Nd7 23. e5 Rfd8 24. Red1 $16 Nf8 25. Rd4 h5 26. Rcd1 Bf5
27. a5 $1 (27. Qd2 $6 c5 28. Rc4 (28. dxc6 Rxd4 29. Qxd4 Rxc6 $132) 28... b5
$13) 27... Ng6 (27... c5 $2 28. Rc4) 28. Qd2 Qc5 (28... c5 29. Ra4) 29. Kh2 (
29. b4 Qa7 30. Kh2 c5 31. bxc5 Qxc5 32. Na4 Qa3 $1 $13) 29... Kf8 (29... Qxa5
30. dxe6 Rxd4 31. exf7+ Kh7 32. Qxd4 $18) (29... Kh8 30. Qe2 h4 31. Qh5+ Kg8
32. dxe6 Rxd4 33. exf7+ Kf8 34. Qxf5 $18) 30. Na4 Qb5 (30... Qa7 31. Qb4+ Ne7
32. dxe6 Rxd4 33. Rxd4 c5 (33... Bxe6 34. Bxe6 fxe6 35. Rd7 $18) 34. Nxc5 $1
$18) 31. dxe6 Rxd4 32. Qxd4 fxe6 (32... Bxe6 33. Bxe6 fxe6 34. Nc5 Re8 35. Rd3
Qc6 $16) 33. Nc5 Re8 34. b4 b6 (34... Qe2 35. Bc4 Qc2 36. Rd2 Qb1 37. Nxb7 Qxb4
38. Bxa6 Qxd4 39. Rxd4 $18) 35. axb6 cxb6 36. Bc4 (36. Nd7+ Kg8 37. Nxb6 $16)
36... Qxb4 (36... bxc5 37. Qd6+ $18) (36... Qc6 37. Qd7 Qxd7 38. Nxd7+ Kg8 39.
Nxb6 Nxf4 40. Bxa6 $18) 37. Nd7+ Ke7 38. Nxb6 Nf8 (38... Rb8 39. Nc8+ Kf8 (
39... Rxc8 40. Qd7+ $18) 40. Qd8+ Kf7 41. Nd6+ $18) 39. Rd2 $1 $18 a5 40. Rb2
Qe1 (40... Qa3 41. Nc8+) 41. Nc8+ $1 (41. Nc8+ Rxc8 42. Rb7+ Ke8 43. Bb5+ $18)
(41. Nc8+ Kf7 42. Nd6+) 1-0

[Event "Monaco m2"]
[Site "Monte Carlo"]
[Date "1996.??.??"]
[Round "6"]
[White "Piket, Jeroen"]
[Black "Lautier, Joel"]
[Result "1/2-1/2"]
[WhiteElo "2580"]
[BlackElo "2620"]
[Annotator "Knaak,R"]
[PlyCount "53"]
[EventDate "1996.11.29"]
[EventType "match"]
[EventRounds "8"]
[EventCountry "MNC"]
[SourceTitle "CBM 056"]
[Source "ChessBase"]
[SourceDate "1997.02.01"]
[SourceVersion "1"]
[SourceVersionDate "1997.02.01"]
[SourceQuality "1"]

1. d4 d5 2. Nf3 e6 3. c4 dxc4 4. Qa4+ Nd7 5. e4 c5 $1 (5... a6 6. Bxc4 Rb8 7.
Qc2 b5 8. Be2 Bb4+ $6 9. Bd2 Be7 10. Ba5 Nb6 11. Nbd2 Nf6 12. Rc1 Bb7 13. O-O
$16 {1/2-1/2 Verner,A-Zaitsev,M/Moscow-ch 1996 (28)}) 6. Bxc4 cxd4 7. Nxd4 Qb6
(7... Bc5 8. Bb3 Bb6 9. Ne2 Ngf6 10. e5 Nd5 11. Nd2 O-O 12. Nf3 Qc7 {1/2-1/2
Foisor,O-Karolyi,T/Tbilisi 1986}) 8. Nb3 Bd6 9. Be3 Qc7 10. Nc3 a6 11. Rc1 Qb8
12. Be2 Ngf6 13. g3 O-O 14. O-O b5 15. Qd4 Bb7 16. Rfd1 Be5 17. Qb4 Rd8 18. f3
Bxg3 19. hxg3 Qxg3+ 20. Kf1 Ne5 21. Rxd8+ (21. Bf2 Qh3+ 22. Kg1 Nxf3+ 23. Bxf3
Qxf3 $17) 21... Rxd8 22. Qa5 Rd7 23. Rd1 Qh3+ 24. Kf2 Qh2+ 25. Kf1 Qh3+ 26. Kf2
Qh2+ 27. Kf1 1/2-1/2